00600nam a22001697a 450000500170000001000150001702000260003203500140005803700140007208200180008610000160010424501180012026000500023827000850028830000280037350000290040120180411120337.0 aENG-122550 a9789351261551c500.00 aEN-106082 bDBAD/PUB. a332.041540954 aJothi, V.N. aAn analysis of investment performance, preferences and opinions of :cby V.N. JothibIndian venture capitalists / aTamilnadubThe Padmanarayan Publicationc2016 a99 Krishnantha Street, Podature Pet , Thiruvallure District, bTamilnadue631208 a161p.bill.c29cm.(pbk) aIt includes bibliography